000 00492nam a2200169 i 4500
001 98127
003 ES-MaACL
005 20240421063022.0
007 t|
008 050726s1963 sp ||||1| spa d
100 1 _aMarrodán, Mario Ángel,
_d1932-2005
_977080
245 1 0 _aExistencia en el tiempo /
_cMario Angel Marrodán.
260 _aBarcelona :
_bTrimer,
_c1963.
300 _a41 p. :
_bil. ;
_c20 cm.
852 _aES-MaACL
_jC-26850
_bR.56415
999 _c98127
_d98127